QUEST Central Library Banner

Advanced microprocessors / (Record no. 8942)

MARC details
000 -LEADER
fixed length control field 00837nam a2200181 a 4500
020 ## - INTERNATIONAL STANDARD BOOK NUMBER
ISBN 0070628432 (hardcover)
020 ## - INTERNATIONAL STANDARD BOOK NUMBER
ISBN 9780070628434 (hardcover)
100 1# - MAIN ENTRY--AUTHOR NAME
Personal name Tabak, Daniel.
245 10 - TITLE STATEMENT
Title Advanced microprocessors /
250 ## - EDITION STATEMENT
Edition statement 2 Sub ed.
260 ## - PUBLICATION, DISTRIBUTION, ETC. (IMPRINT)
Place of publication [S.l.] :
Name of publisher Mcgraw-Hill (Tx),
Year of publication 1994.
300 ## - PHYSICAL DESCRIPTION
Number of Pages 523 p. ;
520 ## - SUMMARY, ETC.
Summary, etc This reference to today's state-of-the-art microprocessors covers general principles before detailing each major family of machine, and comparing/contrasting their different performance applications. This updated edition includes a chapter on Pentium and a chapter on PowerPC.
856 40 - ELECTRONIC LOCATION AND ACCESS
Uniform Resource Identifier http://www.amazon.com/exec/obidos/ASIN/0070628432/chopaconline-20
Holdings
Withdrawn status Lost status Home library Current library Date acquired Cost, normal purchase price Full call number Accession Number Koha item type
    Central Library, QUEST, Nawabshah Central Library, QUEST, Nawabshah 21/08/2014 1134.23 TAB 21222 Books

Copyright © 2018,The QUEST, Nawabshah, Shaheed Benazirabad. All rights reserved
Mr. G. Farooq Channar (Librarian) QUEST, Nawabshah, Sindh, Pakistan 67480.
 Ph#: |   0244-9370381-4 Ext. 2308   Email| lib@quest.edu.pk   Web|  http://www.quest.edu.pk